María, Hija de Flandes / (Record no. 149852)

MARC details
000 -LEADER
campo de control de longitud fija 00652nam a2200217 i 4500
001 - NÚMERO DE CONTROL
campo de control 149852
003 - IDENTIFICADOR DE NÚMERO DE CONTROL
campo de control ES-MaACL
005 - FECHA Y HORA DE LA ÚLTIMA TRANSACCIÓN
campo de control 20230906203301.0
007 - CAMPO FIJO DE DESCRIPCIÓN FÍSICA--INFORMACIÓN GENERAL
campo de control de longitud fija t|
008 - DATOS DE LONGITUD FIJA--INFORMACIÓN GENERAL
campo de control de longitud fija 071024s1953 sp ||||1| spa d
100 1# - ENTRADA PRINCIPAL--NOMBRE DE PERSONA
Nombre de persona Van der Meersch, Maxence.
9 (RLIN) 113032
245 10 - MENCIÓN DEL TÍTULO
Título María, Hija de Flandes /
Mención de responsabilidad, etc. por Maxence Van der Meersch ; [traducción del francés por Esteban Molist].
250 ## - MENCION DE EDICION
Mención de edición [1ª ed.].
260 ## - PUBLICACIÓN, DISTRIBUCIÓN, ETC.
Lugar de publicación, distribución, etc. Barcelona :
Nombre del editor, distribuidor, etc. José Janés,
Fecha de publicación, distribución, etc. 1953.
300 ## - DESCRIPCIÓN FÍSICA
Extensión 282 p. ;
Dimensiones 15 cm.
490 1# - MENCIÓN DE SERIE
Mención de serie Aretusa
700 1# - ENTRADA AGREGADA--NOMBRE PERSONAL
Nombre de persona Molist Pol, Esteban.
9 (RLIN) 82025
830 0# - PUNTO DE ACCESO ADICIONAL DE SERIE-TÍTULO UNIFORME
Título uniforme Aretusa
9 (RLIN) 187571
852 ## - LOCALIZACIÓN
Ubicación ES-MaACL
Número de control de estantería C-6372
Sublocalización o colección R.35170
Holdings
Estatus retirado Estado de pérdida Estado de daño No para préstamo Biblioteca de origen Biblioteca actual Ubicación en estantería Fecha de adquisición Fuente de adquisición Total de préstamos Signatura topográfica completa Código de barras Visto por última vez Precio de reemplazo Tipo de ítem Koha
        Biblioteca del Ateneo de Madrid Biblioteca del Ateneo de Madrid Sala Palomar 17/01/2008     C-6372 1156371 23/02/2023 23/02/2023 Libro impreso